000 01198nam a2200373 i 4500
001 194088
003 SpMaBN
005 20250824052203.0
007 ta
008 240410s2019 sp | |||| 000 d spa
017 _aM 28742-2019
_bOficina Depósito Legal Madrid
035 _aa6621055
040 _aSpMaBN
_bspa
_cSpMaBN
_erda
_dES-MaACL
080 _a821.134.1-2"20"
100 1 _aRiera, Queralt,
_d1978-
_eaut
_9235726
245 1 0 _aAquí /
_cQueralt Riera.
250 _aPrimera edición, 2019
250 _aEdición promocional
264 1 _aMadrid :
_bFundación SGAE,
_c[2019]
264 4 _c©2019
300 _a86 páginas ;
_c23 cm
336 _aTexto
_2rdacontent
337 _asin mediación
_2rdamedia
338 _avolumen
_2rdacarrier
490 1 _aTeatro autor exprés
655 0 _aTeatro
_9234794
830 _aTeatro autor exprés
_9235727
852 _aES-MaACL
_cDEPO2
_jA-15325
_hDonación: Candela Arroyo
_9201612
903 _9235711
_aArroyo, Candela
_ednr
942 _n0
_cMONOGRAFIA
999 _c194088
_d194088